| 000 -LEADER | |
|---|---|
| fixed length control field | 00454nam a22001697a 4500 |
| 005 - DATE AND TIME OF LATEST TRANSACTION | |
| control field | 20240109105755.0 |
| 008 - FIXED-LENGTH DATA ELEMENTS--GENERAL INFORMATION | |
| fixed length control field | 190529b xxu||||| |||| 00| 0 eng d |
| 020 ## - INTERNATIONAL STANDARD BOOK NUMBER | |
| ISBN | 978-81-85790-52-3 |
| 041 ## - LANGUAGE CODE | |
| Language code of text/sound track or separate title | eng |
| 100 ## - MAIN ENTRY--AUTHOR NAME | |
| Personal name | FURSULE, DR. R.A. KULKARNI , Dr. J.S AGARKAR ,Dr .P.H |
| 245 ## - TITLE STATEMENT | |
| Title | BIOCHEMISTRY BASIC AND APPLIED |
| 250 ## - EDITION STATEMENT | |
| Edition statement | 7th, ed, |
| 260 ## - PUBLICATION, DISTRIBUTION, ETC. (IMPRINT) | |
| Place of publication | PUNE |
| Name of publisher | NIRALI PRAKASHAN |
| 300 ## - PHYSICAL DESCRIPTION | |
| Number of Pages | A-27 |
| 650 ## - SUBJECT ADDED ENTRY--TOPICAL TERM | |
| Topical Term | PHARMACY |
| General subdivision | B.PHARMA |
| 942 ## - ADDED ENTRY ELEMENTS (KOHA) | |
| Koha item type | Books |
| Lost status | Damaged status | Collection code | Home library | Current library | Shelving location | Date acquired | Source of acquisition | Cost, normal purchase price | Accession Number | Koha item type | Full call number |
|---|---|---|---|---|---|---|---|---|---|---|---|
| Reference | JRU Library | JRU Library | SHELF - 10 - C | 29/05/2019 | PURCHESS | 400.00 | 22845 | Books | |||
| PHARMACY | JRU Library | JRU Library | SHELF - 17 - H | 29/05/2019 | PURCHESS | 400.00 | 22846 | Books | |||
| PHARMACY | JRU Library | JRU Library | SHELF-17-F | 29/05/2019 | PURCHESS | 400.00 | 22847 | Books | |||
| PHARMACY | JRU Library | JRU Library | SHELF-17-F | 10/02/2022 | PURCHASE | 460.00 | 26200 | Books | 572 | ||
| PHARMACY | JRU Library | JRU Library | SHELF-17-F | 10/02/2022 | PURCHASE | 460.00 | 26201 | Books | 572 |